000 00465nam a2200133Ia 4500
008 221007s9999 xx 000 0 und d
041 _aeng
082 _bDES
100 _aDeshpande Ttiveni - 2k151072; Dr. Sonali Parchure - Guide & [Company Name] - Definedge Solutions
_9104313
245 _aTechnical Analysis of Stocks in different Sectors of Indian Stock Market
260 _c2016
_bSavitribai Phule Pune University
_aPune
300 _a67p
906 _bGeneral
999 _c76653
_d76653